000 00444nam a22001697a 4500
003 MPLRDC
005 20220104143721.0
008 210129b ||||| |||| 00| 0 eng d
082 _a947.47 TZBEX-80
100 _a藤子不二雄著; 童年编译中心译
245 _a地心吸力 - 大雄搬家记
_c
260 _a
_b快乐童年出版社
_c
300 _b
490 _a小叮当专辑
650 _a
942 _cBK
_o947.47 TZBEX-80
999 _c42644
_d42634